[Event "Canadian op"]
[Site "Edmonton"]
[Date "2005.07.16"]
[Round "9"]
[White "Gorelik, Lev"]
[Black "Taylor, William"]
[Result "1/2-1/2"]
[WhiteElo "2147"]
[BlackElo "1900"]
[PlyCount "41"]
[EventDate "2005.07.09"]
[EventType "swiss"]
[EventRounds "10"]
[EventCountry "CAN"]
[SourceTitle "CBM 107 Extra"]
[Source "ChessBase"]
[SourceDate "2005.09.01"]
[SourceVersion "1"]
[SourceVersionDate "2005.09.01"]
[SourceQuality "1"]

1. e4 Nf6 2. e5 Nd5 3. Nc3 Nxc3 4. bxc3 d6 5. exd6 exd6 6. Nf3 Bg4 7. Be2 Be7 8. 0-0 0-0 9. Nd4 Bxe2 10. Nxe2 Bf6 11. Rb1 b6 12. Bb2 g6 13. c4 c5 14. Nc3 Nd7 15. Nd5 Bxb2 16. Rxb2 Nf6 17. Qf3 Nxd5 18. Qxd5 Re8 19. Rb3 Re5 20. Qb7 Re7 21. Qd5 1/2-1/2

[Event "Canadian op"]
[Site "Edmonton"]
[Date "2005.07.15"]
[Round "8"]
[White "Mrugala, David"]
[Black "Gorelik, Lev"]
[Result "0-1"]
[WhiteElo "1627"]
[BlackElo "2147"]
[PlyCount "85"]
[EventDate "2005.07.09"]
[EventType "swiss"]
[EventRounds "10"]
[EventCountry "CAN"]
[SourceTitle "CBM 107 Extra"]
[Source "ChessBase"]
[SourceDate "2005.09.01"]
[SourceVersion "1"]
[SourceVersionDate "2005.09.01"]
[SourceQuality "1"]

1. d4 Nf6 2. c4 e6 3. Nf3 b6 4. a3 Bb7 5. Nc3 Be7 6. Bg5 h6 7. Bh4 Ne4 8. Bxe7 Qxe7 9. Qc2 Nxc3 10. Qxc3 0-0 11. e3 d6 12. Be2 Nd7 13. 0-0 c5 14. Rfd1 Rac8 15. Rac1 Rfd8 16. b4 Nf6 17. Qb2 Ne4 18. Nd2 Qg5 19. Nf3 Qf6 20. Qb1 Ng5 21. Nxg5 Qxg5 22. g3 g6 23. Bf1 Bf3 24. Rd2 h5 25. Bg2 Bxg2 26. Kxg2 h4 27. Rcd1 cxb4 28. Qxb4 Qg4 29. f3 Qg5 30. e4 Kg7 31. f4 Qg4 32. d5 hxg3 33. hxg3 e5 34. Qc3 Rh8 35. Rh1 Rxh1 36. Kxh1 Rh8+ 37. Kg1 f6 38. fxe5 fxe5 39. Qe3 Qh5 40. Kf1 Qh1+ 41. Ke2 Rh2+ 42. Kd3 Qb1+ 43. Kc3 0-1

[Event "Canadian op"]
[Site "Edmonton"]
[Date "2005.07.12"]
[Round "5"]
[White "Laming, Ryan"]
[Black "Gorelik, Lev"]
[Result "1-0"]
[WhiteElo "1756"]
[BlackElo "2147"]
[PlyCount "75"]
[EventDate "2005.07.09"]
[EventType "swiss"]
[EventRounds "10"]
[EventCountry "CAN"]
[SourceTitle "CBM 107 Extra"]
[Source "ChessBase"]
[SourceDate "2005.09.01"]
[SourceVersion "1"]
[SourceVersionDate "2005.09.01"]
[SourceQuality "1"]

1. d4 Nf6 2. c4 e6 3. Nc3 c5 4. d5 exd5 5. cxd5 d6 6. e4 g6 7. Nf3 Bg7 8. Bb5+ Nfd7 9. 0-0 0-0 10. Bf4 Nb6 11. Re1 a6 12. Bf1 f6 13. Qc2 Qe7 14. Nd2 Rd8 15. a4 N6d7 16. Nc4 Ne5 17. Nb6 Ra7 18. a5 Nbd7 19. Nca4 Nf8 20. b4 Bd7 21. bxc5 Bxa4 22. cxd6 Qxd6 23. Bxe5 Bxc2 24. Bxd6 Rxd6 25. Nc8 Rd8 26. Nxa7 f5 27. e5 Re8 28. Rac1 Bb3 29. f4 Bxd5 30. Bc4 Be6 31. Nc8 Bxc4 32. Rxc4 Ne6 33. Nd6 Re7 34. g3 Bf8 35. Rb1 Nd8 36. Kf1 Rd7 37. Rc8 Kg7 38. Rd1 1-0

[Event "Canadian op"]
[Site "Edmonton"]
[Date "2005.07.11"]
[Round "4"]
[White "Gorelik, Lev"]
[Black "Jiang, Louie"]
[Result "0-1"]
[WhiteElo "2147"]
[BlackElo "1895"]
[PlyCount "76"]
[EventDate "2005.07.09"]
[EventType "swiss"]
[EventRounds "10"]
[EventCountry "CAN"]
[SourceTitle "CBM 107 Extra"]
[Source "ChessBase"]
[SourceDate "2005.09.01"]
[SourceVersion "1"]
[SourceVersionDate "2005.09.01"]
[SourceQuality "1"]

1. e4 c5 2. Nc3 d6 3. f4 Nc6 4. Nf3 Nf6 5. d3 e6 6. Bd2 Be7 7. g3 0-0 8. Bg2 Rb8 9. a4 a6 10. 0-0 Qc7 11. Kh1 b5 12. axb5 axb5 13. h3 b4 14. Ne2 Bb7 15. g4 c4 16. g5 cxd3 17. cxd3 Nd7 18. Ng3 Qb6 19. f5 Ba6 20. f6 gxf6 21. gxf6 Bxf6 22. Ng5 Bxg5 23. Bxg5 Qb5 24. Bh6 Nce5 25. d4 Ng6 26. Bxf8 Rxf8 27. Qg4 Qb6 28. Rfd1 Kh8 29. Nh5 Rg8 30. Bf1 Bxf1 31. Rxf1 Qxd4 32. Rg1 Nde5 33. Qe2 Nd3 34. Raf1 Rf8 35. Nf6 Ndf4 36. Qe1 Qxf6 37. Qxb4 Qh4 38. Qc3+ e5 0-1

[Event "Canadian op"]
[Site "Winnipeg"]
[Date "1997.??.??"]
[Round "8"]
[White "Brodie, Hugh"]
[Black "Gorelik, Lev"]
[Result "1/2-1/2"]
[WhiteElo "2080"]
[BlackElo "2345"]
[PlyCount "74"]
[EventDate "1997.07.12"]
[EventType "tourn"]
[EventRounds "10"]
[EventCountry "CAN"]
[SourceTitle "EXT 2001"]
[Source "ChessBase"]
[SourceDate "2000.11.22"]
[SourceVersion "1"]
[SourceVersionDate "2000.11.22"]
[SourceQuality "1"]

1. f4 d5 2. e3 Nf6 3. Nf3 c5 4. b3 g6 5. Bb2 Bg7 6. Be2 0-0 7. 0-0 Nc6 8. Qe1 d4 9. exd4 Nxd4 10. Nxd4 cxd4 11. Bd3 Re8 12. Na3 Nd5 13. Nc4 Nb4 14. Ne5 Nxd3 15. Nxd3 Bf5 16. Qg3 Rc8 17. Rfc1 Qb6 18. Kh1 Rc7 19. c4 dxc3 20. Bxc3 Bxc3 21. dxc3 Rd8 22. Ne5 f6 23. Nf3 Qe3 24. c4 Rcd7 25. Re1 Qd3 26. Qf2 b6 27. h3 Be4 28. Re3 Qc2 29. Qxc2 Bxc2 30. Rae1 Kf7 31. Kg1 h5 32. g4 hxg4 33. hxg4 Bd1 34. Kg2 Rh8 35. Kg3 Re8 36. Kf2 Rh8 37. Kg3 Re8 1/2-1/2